00320nam a2200133Ia 4500003000400000005001700004008004100021040000900062082001700071100001400088245002400102260005100126300000900177OSt20200923103631.0190216s9999||||xx |||||||||||||| ||und|| cOCLC a808.2bLUC/T aLucas F.L 0aTragedycLucas F.L  bAllied publishers private ltd,amadras :c1957 a188p